000
00256nmm a2200085Ia 4500
008
220120s9999||||xx |||||||||||||||||und||
100
_a
Digit
245
0
_a
May 2011 : Kaspersky internet security 2011, Ashampoo 3d, li
260
_a
Nine dot nine interactive ltd.
999
_c
139671
_d
139671